[Event "CZE-ch U14"]
[Site "Frymburk"]
[Date "2002.??.??"]
[Round "8"]
[White "Krajcar, Robert"]
[Black "Dvoulety, Pavel"]
[Result "1-0"]
[WhiteElo "1387"]
[BlackElo "1663"]
[PlyCount "113"]
[EventDate "2002.03.??"]
[EventType "swiss"]
[EventRounds "8"]
[EventCountry "CZE"]
[SourceTitle "EXT 2004"]
[Source "ChessBase"]
[SourceDate "2003.11.25"]
[SourceVersion "1"]
[SourceVersionDate "2003.11.25"]
[SourceQuality "1"]

1. e4 e5 2. Nf3 Nc6 3. Bb5 Nf6 4. 0-0 Nxe4 5. Re1 Nd6 6. Bxc6 dxc6 7. Nxe5 Be7 8. d4 0-0 9. Bf4 f6 10. Nf3 Re8 11. Nc3 Bg4 12. h3 Bh5 13. Ne4 b6 14. Ng3 Bg6 15. c3 Qd7 16. b3 Bf8 17. Qd2 Ne4 18. Nxe4 Bxe4 19. Re3 Re6 20. Rae1 Rae8 21. Qd1 Bf5 22. Rxe6 Rxe6 23. Rxe6 Bxe6 24. Qe2 Kf7 25. Qa6 Bd6 26. Bh2 c5 27. Qxa7 cxd4 28. Nxd4 Bxh2+ 29. Kxh2 c5 30. Qxd7+ Bxd7 31. Nf3 Ke6 32. Kg3 Kf5 33. Nd2 b5 34. a3 g5 35. f3 Bc6 36. Nf1 h5 37. Kf2 Ke5 38. Ke3 f5 39. Nd2 h4 40. c4 bxc4 41. Nxc4+ Kd5 42. Kd3 Bb5 43. a4 Bxc4+ 44. bxc4+ Kc6 45. Ke3 Kb6 46. f4 gxf4+ 47. Kxf4 Ka5 48. g3 hxg3 49. Kxg3 Kxa4 50. h4 Kb4 51. h5 Kxc4 52. h6 Kb3 53. h7 c4 54. h8Q c3 55. Qb8+ Ka2 56. Qf4 Kb2 57. Qb4+ 1-0

[Event "CZE-ch U14"]
[Site "Frymburk"]
[Date "2002.??.??"]
[Round "5"]
[White "Krajcar, Robert"]
[Black "Krcal, Michal"]
[Result "1/2-1/2"]
[WhiteElo "1387"]
[BlackElo "1800"]
[PlyCount "72"]
[EventDate "2002.03.??"]
[EventType "swiss"]
[EventRounds "8"]
[EventCountry "CZE"]
[SourceTitle "EXT 2004"]
[Source "ChessBase"]
[SourceDate "2003.11.25"]
[SourceVersion "1"]
[SourceVersionDate "2003.11.25"]
[SourceQuality "1"]

1. e4 c5 2. Nf3 d6 3. d4 cxd4 4. Nxd4 Nf6 5. Nc3 a6 6. Be2 e6 7. 0-0 Be7 8. f4 0-0 9. Bf3 Qc7 10. Be3 Nc6 11. Re1 Bd7 12. Nxc6 Bxc6 13. Bf2 b5 14. a3 Rfd8 15. Qe2 Qb7 16. e5 Bxf3 17. Qxf3 Qxf3 18. gxf3 Nh5 19. Be3 d5 20. Ne2 Rac8 21. c3 Bc5 22. Bxc5 Rxc5 23. Kf2 Kf8 24. Ke3 g6 25. Ng3 Ng7 26. h4 h5 27. Red1 Ke7 28. Rd4 Rb8 29. Kd2 Rc4 30. Rb1 Kd8 31. Rxc4 bxc4 32. Kc2 Rb3 33. Rd1 Kc7 34. f5 gxf5 35. Ne2 f4 36. Nd4 Nf5 1/2-1/2

[Event "CZE-ch U14"]
[Site "Frymburk"]
[Date "2002.??.??"]
[Round "6"]
[White "Mudra, Tomas"]
[Black "Krajcar, Robert"]
[Result "1/2-1/2"]
[WhiteElo "1635"]
[BlackElo "1387"]
[PlyCount "94"]
[EventDate "2002.03.??"]
[EventType "swiss"]
[EventRounds "8"]
[EventCountry "CZE"]
[SourceTitle "EXT 2004"]
[Source "ChessBase"]
[SourceDate "2003.11.25"]
[SourceVersion "1"]
[SourceVersionDate "2003.11.25"]
[SourceQuality "1"]

1. c4 e6 2. d4 Nf6 3. Nc3 Bb4 4. Qc2 c5 5. dxc5 Bxc5 6. g3 0-0 7. Bg2 Nc6 8. Nf3 Be7 9. 0-0 e5 10. a3 d6 11. Rd1 a6 12. b4 Qc7 13. Nd5 Qd8 14. Nxe7+ Qxe7 15. Bb2 Bg4 16. Ng5 g6 17. Ne4 Nxe4 18. Qxe4 Be6 19. Qd3 Rfd8 20. Bd5 Bxd5 21. Qxd5 Qe6 22. e4 Qxd5 23. exd5 Ne7 24. c5 dxc5 25. d6 Nc6 26. bxc5 Rd7 27. Bc3 Rb8 28. Rab1 f6 29. f4 Kf7 30. fxe5 fxe5 31. Rb6 Ke6 32. Kf2 Rf8+ 33. Ke3 Rff7 34. Rd2 g5 35. Ke4 g4 36. Rbb2 Rf3 37. Rbc2 h5 38. Rf2 Rdf7 39. Rxf3 Rxf3 40. a4 Rf7 41. Rd2 Rf3 42. Bb2 Rf1 43. Re2 Rf3 44. d7 Kxd7 45. Bxe5 Nxe5 46. Kxe5 Kc6 47. Kd4 Ra3 1/2-1/2

[Event "CZE-ch U14"]
[Site "Frymburk"]
[Date "2002.??.??"]
[Round "3"]
[White "Vasenda, Robin"]
[Black "Krajcar, Robert"]
[Result "1-0"]
[WhiteElo "1808"]
[BlackElo "1553"]
[PlyCount "33"]
[EventDate "2002.03.??"]
[EventType "swiss"]
[EventRounds "8"]
[EventCountry "CZE"]
[SourceTitle "EXT 2004"]
[Source "ChessBase"]
[SourceDate "2003.11.25"]
[SourceVersion "1"]
[SourceVersionDate "2003.11.25"]
[SourceQuality "1"]

1. Nf3 Nf6 2. g3 g6 3. Bg2 Bg7 4. 0-0 0-0 5. d3 d5 6. Nbd2 c5 7. e4 dxe4 8. dxe4 Nc6 9. c3 Bg4 10. h3 Bxf3 11. Bxf3 Ne5 12. Bg2 Qd3 13. f4 Qe3+ 14. Kh2 Rad8 15. fxe5 Nh5 16. Qf3 Qxf3 17. Nxf3 1-0